[Event "St Petersburg Summer op"]
[Site "St Petersburg"]
[Date "2017.08.17"]
[Round "2"]
[White "Shepelev, Aleksander"]
[Black "Zolotyh, Lev"]
[Result "1-0"]
[WhiteElo "1549"]
[BlackElo "1889"]
[PlyCount "81"]
[EventDate "2017.08.16"]
[EventType "swiss"]
[EventRounds "9"]
[EventCountry "RUS"]
[SourceTitle "CBM 180 Extra"]
[Source "ChessBase"]
[SourceDate "2017.10.06"]
[SourceVersion "1"]
[SourceVersionDate "2017.10.06"]
[SourceQuality "1"]

1. d4 d5 2. c4 c6 3. cxd5 cxd5 4. Nc3 Nf6 5. Nf3 Nc6 6. e3 a6 7. h3 Bf5 8. a3 e6 9. Be2 Bd6 10. 0-0 0-0 11. Ne1 Rc8 12. g4 Bg6 13. f4 h6 14. h4 Ne4 15. Ng2 Nxc3 16. bxc3 Be4 17. Bf3 f5 18. g5 hxg5 19. hxg5 g6 20. Nh4 Bxf3 21. Qxf3 Kg7 22. Ra2 Na5 23. Rh2 Rh8 24. Rff2 Qe8 25. Rh3 Nc6 26. Rfh2 Qf7 27. Qd1 Ne7 28. Qb3 b5 29. Bb2 Rh7 30. a4 Rb8 31. a5 Rbh8 32. Ba3 Bxa3 33. Qxa3 Nc6 34. Kg2 Qd7 35. Kg3 Qd8 36. Qc5 Nxa5 37. Qa7+ Kg8 38. Qxa6 Re7 39. Nxg6 Rxh3+ 40. Rxh3 Re8 41. Qa7 1-0